000 00293nam a2200109Ia 4500
008 200302s9999 xx 000 0 und d
100 _aBalkrishna Doshi
245 _aGive Time a Break
260 _bVastu-Shilpa Foundation for Studies & Research
260 _c2012
300 _a15 P.,
999 _c3199
_d3199